| 000 | 00694nam a22002177a 4500 | ||
|---|---|---|---|
| 003 | SISC | ||
| 005 | 20190221144526.0 | ||
| 008 | 131221b xxu||||| |||| 00| 0 eng d | ||
| 020 | _a9781842656549 | ||
| 050 |
_aHF 5691 _b.C456 2013 |
||
| 100 | _aChandra, S. | ||
| 245 |
_aFinancial mathematics : _ban introduction / |
||
| 260 |
_aOxford, UK : _bAlpha Science International, _c2013. |
||
| 300 |
_axv, 500 p. : _bill. ; _c25 cm. |
||
| 504 | _aIncludes Bibliographic References and Index. | ||
| 650 |
_aBusiness mathematics _xTextbooks. |
||
| 650 |
_aBusiness mathematics _xProblems, exercises, etc. |
||
| 700 |
_aKhemchandani, R. _eauthor. |
||
| 942 |
_2lcc _cBK _kFOR |
||
| 999 |
_c25896 _d25896 |
||